书目信息 |
| 题名: |
网络安全和信息化党政领导干部一本通
|
|
| 作者: | 金江军 编著 | |
| 分册: | ||
| 出版信息: | 北京 中信出版集团股份有限公司 2017.10 |
|
| 页数: | 260页 | |
| 开本: | 23cm | |
| 丛书名: | ||
| 单 册: | ||
| 中图分类: | TN915.08 , G202 | |
| 科图分类: | ||
| 主题词: | 网络安全--wang lao an quan--干部教育--教材 , 信息化--xin xi hua--干部教育--教材 | |
| 电子资源: | ||
| ISBN: | 978-7-5086-8049-1 | |
| 000 | 01126nam0 2200253 450 | |
| 001 | 0106081854 | |
| 005 | 20201106082046.0 | |
| 010 | @a978-7-5086-8049-1@dCNY68.00 | |
| 100 | @a20181129e20192017em y0chiy50 ea | |
| 101 | 0 | @achi |
| 102 | @aCN@b110000 | |
| 105 | @ay z 000yy | |
| 106 | @ar | |
| 200 | 1 | @a网络安全和信息化党政领导干部一本通@Awang luo an quan he xin xi hua dang zheng ling dao gan bu yi ben tong@f金江军编著 |
| 210 | @a北京@c中信出版集团股份有限公司@d2017.10@h2019.11 | |
| 215 | @a260页@d23cm | |
| 330 | @a本书论述了互联网、“互联网+”和互联网思维,提出了实施网络强国战略的对策建议。阐述了网络安全的内涵和类型,分析了我国网络安全状况,提出了互联网治理方法。论述了信息化与“五位一体”总体布局、“四个全面”战略布局和五大发展理念的关系以及网络安全和信息化的辩证关系,介绍了发达国家在网络安全和信息化方面的发展战略和最新动态。 | |
| 606 | 0 | @a网络安全@Awang lao an quan@x干部教育@j教材 |
| 606 | 0 | @a信息化@Axin xi hua@x干部教育@j教材 |
| 690 | @aTN915.08@v5 | |
| 690 | @aG202@v5 | |
| 701 | 0 | @a金江军@Ajin jiang jun@f(1978~)@4编著 |
| 801 | 0 | @aCN@bBJSZM@c20201106 |
| 905 | @b1193556-9@dTN915.08@e223@f4 | |
| 网络安全和信息化党政领导干部一本通/金江军编著.-北京:中信出版集团股份有限公司,2017.10(2019.11) |
| 260页;23cm |
| ISBN 978-7-5086-8049-1:CNY68.00 |
| 本书论述了互联网、“互联网+”和互联网思维,提出了实施网络强国战略的对策建议。阐述了网络安全的内涵和类型,分析了我国网络安全状况,提出了互联网治理方法。论述了信息化与“五位一体”总体布局、“四个全面”战略布局和五大发展理念的关系以及网络安全和信息化的辩证关系,介绍了发达国家在网络安全和信息化方面的发展战略和最新动态。 |
| ● |
| 相关链接 |
|
|
|
|
正题名:网络安全和信息化党政领导干部一本通
索取号:TN915.08/223
 
预约/预借
| 序号 | 登录号 | 条形码 | 馆藏地/架位号 | 状态 | 备注 |
| 1 | 1193556 | 211935566 | 第二样本阅览室/ [索取号:TN915.08/223] | 在馆 | |
| 2 | 1193557 | 211935575 | 第三借阅区/ [索取号:TN915.08/223] | 在馆 | |
| 3 | 1193558 | 211935584 | 第三借阅区/ [索取号:TN915.08/223] | 在馆 | |
| 4 | 1193559 | 211935593 | 第三借阅区/ [索取号:TN915.08/223] | 在馆 |